Word Ladder: Oink Oink Oink Quiz Stats

 Plays Quiz Updated Jun 17, 2019

Score 0/39 Timer 05:00
0 Plays Today
Clue 4-Letter Word % Correct
ShipBOAT
98.2%
Old McDonald had a '___'*FARM*
98.2%
Water surrounding a castle or fortMOAT
97.3%
To pass gasFART
97.2%
What the early bird getsWORM
96.7%
Wild swine*BOAR*
96.3%
To close one eye onlyWINK
95.5%
ShapeFORM
94.7%
A place to make purchasesMART
93.9%
The opposite of shortTALL
92.9%
Missile thrown at a boardDART
92.2%
A warm, winter garmentCOAT
92.1%
The animals that oink*PIGS*
91.9%
A drink similar to a milkshakeMALT
91.6%
Facial blemish for a witchWART
91.3%
MajorityMOST
91.2%
Mean Girls' Wednesday wear*PINK*
91%
PriceCOST
91%
To shed MOLT
90.9%
To travel in a boatSAIL
90.7%
Clue 4-Letter Word % Correct
Green material that grows on treesMOSS
90.5%
Grime*DIRT*
90.4%
Mineable fuelCOAL
90.2%
Unit of liquidPINT
89.5%
Follow someone closely*TAIL*
89.5%
Title given to Kermit's porcine exMISS
88.9%
The upper layer of earthSOIL
86.8%
Cash registerTILL
86.6%
Notable Russian aircraftsMiGS
86.3%
To wind or arrange in a spiralCOIL
86%
A small impressionDINT
84.2%
Object to be soldWARE
81.2%
A song by Rihanna & DrakeWORK
79.5%
GeniusWONK
77.1%
Ceramic or clay slabTILE
76.9%
To lose energyTIRE
72.4%
Zero a balanceTARE
70.4%
FoolishDAFT
66.9%
To drift or float through the airWAFT
66.2%

Today's Daily Dose

Word Ladder
Lean on Me

Get the Picture
Superhero by Villain

You're not logged in!

Compare scores with friends on all Sporcle quizzes.
OR
Log In

Sporcle TV

Today on Sporcle TV


Watch our educational content, quiz creation guides, and fun videos on Sporcle TV.

Show Comments

Extras

Top Quizzes Today


Score Distribution

Your Account Isn't Verified!

In order to create a playlist on Sporcle, you need to verify the email address you used during registration. Go to your Sporcle Settings to finish the process.

Report this User

Report this user for behavior that violates our Community Guidelines.

Details: